Combating climate change (Record no. 105861)

MARC details
000 -LEADER
fixed length control field 01181cam a2200205 4500
001 - CONTROL NUMBER
control field ##L134955
008 - FIXED-LENGTH DATA ELEMENTS--GENERAL INFORMATION
fixed length control field 060913n2006 000 0 eng u
035 ## - SYSTEM CONTROL NUMBER
System control number (Sirsi) u134955
041 0# - LANGUAGE CODE
Language code of text/sound track or separate title eng
050 04 - LIBRARY OF CONGRESS CALL NUMBER
Classification number 696.9 $2 18
110 2# - MAIN ENTRY--CORPORATE NAME
Corporate name or jurisdiction name as entry element Royal Institution of Chartered Surveyors
Subordinate unit Education Trust
9 (RLIN) 47
245 00 - TITLE STATEMENT
Title Combating climate change
Remainder of title how can cities best adapt? A report commissioned for the RICS Education Trust Golden Jubilee
260 ## - PUBLICATION, DISTRIBUTION, ETC.
Place of publication, distribution, etc. London
Name of publisher, distributor, etc. RICS
Date of publication, distribution, etc. 2006
520 ## - SUMMARY, ETC.
Summary, etc. Summarises the results of research carried out to consider ways in which carbon emissions from commercial buildings can be reduced. The energy profile of offices in the central business district of Melbourne were analysed and the effects of various energy efficiency strategies were examined (see also L134954 and L134956 for full report).
590 ## - LOCAL NOTE (RLIN)
Local note IKA190906
651 #4 - SUBJECT ADDED ENTRY--GEOGRAPHIC NAME
Geographic name MELBOURNE
690 ## - LOCAL SUBJECT ADDED ENTRY--TOPICAL TERM (OCLC, RLIN)
Topical term or geographic name as entry element ENVIRONMENTAL AND LAND CONSULTANCY-ENERGY-ENERGY USE-ENERGY EFFICIENCY
856 40 - ELECTRONIC LOCATION AND ACCESS
Uniform Resource Identifier <a href="https://www3.rics.org/Newsroom/Researchandreports/RICSEducationTrust/RICS+Education+Trust+Golden+Jubilee+project+on+climate+change.htm">https://www3.rics.org/Newsroom/Researchandreports/RICSEducationTrust/RICS+Education+Trust+Golden+Jubilee+project+on+climate+change.htm</a>
Public note View the item online free of charge at www3.rics.org...
942 ## - ADDED ENTRY ELEMENTS (KOHA)
Suppress in OPAC 0
Holdings
Withdrawn status Lost status Source of classification or shelving scheme Damaged status Not for loan Home library Current library Shelving location Date acquired Total Checkouts Full call number Barcode Date last seen Copy number Price effective from Koha item type
    Dewey Decimal Classification     Virtual Virtual Online 13/09/2006   ONLINE PUBLICATION 134955-1001 06/08/2019 1 06/08/2019 Book